000 00569ntaaa2200181 4500
003 01
005 20251027202235.0
008 0714s1973 ag 01
040 _aAR-BaBN
_bspa
_cAR-BaBN
_eaacr
_dRIC
082 _a268.12 C15m
100 _aCampbell, Viola
_920426
245 _aMaterial didáctico para la enseñanza de principiantes /
_cViola Campbell
260 _aEl Paso :
_bCasa Bautista de Publicaciones,
_c1973
300 _a29 p.
500 _aMaterial para escuelas bíblicas de vacaciones
500 _aEj. 2 (30566) libro perdido y pagado 8/77
942 _cBK
999 _c17246
_d17246